|
|
|
|
| LEADER |
00000nam0a2200000 4500 |
| 001 |
139452 |
| 005 |
20231031141736.0 |
| 035 |
|
|
|a (RuTPU)RU\TPU\book\151071
|
| 090 |
|
|
|a 139452
|
| 100 |
|
|
|a 20080607d1990 m y0rusy50 ca
|
| 101 |
0 |
|
|a rus
|
| 102 |
|
|
|a RU
|
| 105 |
|
|
|a a j 001zy
|
| 200 |
1 |
|
|a Основы статистических измерений
|e учебное пособие
|f Ш. Ю. Исмаилов [и др.]
|g Ленинградский государственный технический университет
|
| 210 |
|
|
|a Ленинград
|c [Б. и.]
|d 1990
|
| 215 |
|
|
|a 88 с.
|c ил.
|
| 320 |
|
|
|a Библиогр.: с. 86-87.
|
| 610 |
1 |
|
|a статистические измерения
|
| 610 |
1 |
|
|a учебные пособия
|
| 610 |
1 |
|
|a измерение
|
| 610 |
1 |
|
|a случайные процессы
|
| 610 |
1 |
|
|a математическое ожидание
|
| 610 |
1 |
|
|a дисперсия
|
| 610 |
1 |
|
|a корреляционные функции
|
| 610 |
1 |
|
|a спектральная плотность
|
| 610 |
1 |
|
|a распределения
|
| 610 |
1 |
|
|a случайные сигналы
|
| 675 |
|
|
|a 519.23(075.8)
|v 3
|
| 701 |
|
1 |
|a Исмаилов
|b Ш. Ю.
|g Шамсаддин Юсуф оглы
|
| 701 |
|
1 |
|a Смирнов
|b А. В.
|g Андрей Валентинович
|
| 701 |
|
1 |
|a Сысоев
|b Н. Ф.
|g Николай Федорович
|
| 701 |
|
1 |
|a Тихомиров
|b Ю. В.
|g Юрий Вячеславович
|
| 712 |
0 |
2 |
|a Ленинградский государственный технический университет
|2 stltpush
|3 (RuTPU)RU\TPU\col\11827
|
| 801 |
|
1 |
|a RU
|b 63413507
|c 20080607
|g PSBO
|
| 801 |
|
2 |
|a RU
|b 63413507
|c 20160325
|g PSBO
|
| 942 |
|
|
|c BK
|